उच्च कलन / (Record no. 66861)

MARC details
000 -LEADER
fixed length control field 00740nam a22002057a 4500
005 - DATE AND TIME OF LATEST TRANSACTION
control field 20120518154730.0
010 ## - LCCN (DPL NO)
LC control number
020 ## - INTERNATIONAL STANDARD BOOK NUMBER
International Standard Book Number
Terms of availability 65.00
035 ## - SYSTEM CONTROL NUMBER
System control number A-775045
037 ## - SOURCE OF ACQUISITION
Source of stock number/acquisition
082 ## - DEWEY DECIMAL CLASSIFICATION NUMBER
Classification number 515
100 ## - MAIN ENTRY--PERSONAL NAME
Personal name ठाकुर, बी.आर.
245 ## - TITLE STATEMENT
Title उच्च कलन /
Statement of responsibility, etc बी.आर.ठाकुर
260 ## - PUBLICATION, DISTRIBUTION, ETC. (IMPRINT)
Place of publication, distribution, etc आगरा
Name of publisher, distributor, etc राम प्रसाद एंड संस
Date of publication, distribution, etc 1995-96
270 ## - ADDRESS
Address
City
Postal code
300 ## - PHYSICAL DESCRIPTION
Extent 372पृ.
Other physical details
Dimensions 22सेमी(सजिल्द)
942 ## - ADDED ENTRY ELEMENTS (KOHA)
Source of classification or shelving scheme Dewey Decimal Classification
Item type Hindi Books
Classification part 515
Call number suffix ठाकुर
Holdings
Withdrawn status Lost status Not for loan Collection code Home library Current library Date acquired Cost, normal purchase price Full call number Barcode Cost, replacement price Koha item type Public note
      Non-fiction Sarojini Nagar Sarojini Nagar 18/05/2012 65.00 515 ठाकुर A-775045 65.00 Hindi Books Withdrawn List Prepared L.No.106/5

© Delhi Public Library
Hit Counter
free hit counter